000 00713nam a2200253Ia 4500
003 OSt
005 20220918165553.0
006 a|||||r|||| 00| 0
007 ta
008 220917b |||||||| |||| 00| 0 eng d
020 _a815403550
024 _a31,806
037 _cTextual
040 _aARTS
_cARTS
_beng
041 _2eng
_aeng
082 _aO111,1L57x, L0
100 _aKeynes Geoffrey ed
_914548
245 0 _aNote book of William Blake called the Rossetti Manuscript
260 _aNew York
_bCooper Square USA
_c1970
300 _axii,162p. illus
_ccm.
650 _aENGLISH LITERATURE
942 _hO111,1L57x, L0
_cTEXL
_2CC
999 _c130411
_d130411